<?xml version="1.0" encoding="UTF-8"?>
<record
    xmlns:xsi="http://www.w3.org/2001/XMLSchema-instance"
    xsi:schemaLocation="http://www.loc.gov/MARC21/slim http://www.loc.gov/standards/marcxml/schema/MARC21slim.xsd"
    xmlns="http://www.loc.gov/MARC21/slim">

  <leader>00683nam a2200193Ia 4500</leader>
  <controlfield tag="008">151121s9999||||xx |||||||||||||| ||und||</controlfield>
  <datafield tag="082" ind1=" " ind2=" ">
    <subfield code="a">920/&#x913;&#x915;</subfield>
  </datafield>
  <datafield tag="082" ind1=" " ind2=" ">
    <subfield code="b">HNW-54516</subfield>
  </datafield>
  <datafield tag="100" ind1=" " ind2=" ">
    <subfield code="a">&#x913;&#x915; &#x91A;&#x93E;&#x930;&#x941;&#x936;&#x940;&#x932;&#x93E;</subfield>
  </datafield>
  <datafield tag="245" ind1=" " ind2=" ">
    <subfield code="a">&#x906;&#x923;&#x93F; &#x921;&#x949;&#x964; &#x915;&#x93E;&#x936;&#x940;&#x928;&#x93E;&#x925; &#x918;&#x93E;&#x923;&#x947;&#x915;&#x930;</subfield>
  </datafield>
  <datafield tag="260" ind1=" " ind2=" ">
    <subfield code="b">"&#x906;&#x930;&#x924;&#x940;  &#x92A;&#x94D;&#x930;&#x915;&#x93E;&#x936;&#x928;, &#x921;&#x94B;&#x902;&#x92C;&#x93F;&#x935;&#x932;&#x940;&#x964;"</subfield>
  </datafield>
  <datafield tag="260" ind1=" " ind2=" ">
    <subfield code="c">--</subfield>
  </datafield>
  <datafield tag="300" ind1=" " ind2=" ">
    <subfield code="a">210</subfield>
  </datafield>
  <datafield tag="600" ind1=" " ind2=" ">
    <subfield code="a">&#x913;&#x915; &#x91A;&#x93E;&#x930;&#x941;&#x936;&#x940;&#x932;&#x93E;</subfield>
  </datafield>
  <datafield tag="630" ind1=" " ind2=" ">
    <subfield code="a">&#x906;&#x923;&#x93F; &#x921;&#x949;&#x964; &#x915;&#x93E;&#x936;&#x940;&#x928;&#x93E;&#x925; &#x918;&#x93E;&#x923;&#x947;&#x915;&#x930;</subfield>
  </datafield>
  <datafield tag="700" ind1=" " ind2=" ">
    <subfield code="a">&#x913;&#x915; &#x91A;&#x93E;&#x930;&#x941;&#x936;&#x940;&#x932;&#x93E;</subfield>
  </datafield>
  <datafield tag="730" ind1=" " ind2=" ">
    <subfield code="a">&#x906;&#x923;&#x93F; &#x921;&#x949;&#x964; &#x915;&#x93E;&#x936;&#x940;&#x928;&#x93E;&#x925; &#x918;&#x93E;&#x923;&#x947;&#x915;&#x930;</subfield>
  </datafield>
  <datafield tag="942" ind1=" " ind2=" ">
    <subfield code="c">BOOK</subfield>
  </datafield>
  <datafield tag="999" ind1=" " ind2=" ">
    <subfield code="c">1237774</subfield>
    <subfield code="d">1237771</subfield>
  </datafield>
  <datafield tag="952" ind1=" " ind2=" ">
    <subfield code="0">0</subfield>
    <subfield code="1">0</subfield>
    <subfield code="4">0</subfield>
    <subfield code="7">0</subfield>
    <subfield code="a">HNW</subfield>
    <subfield code="b">HNW</subfield>
    <subfield code="d">2015-11-21</subfield>
    <subfield code="g">70.00</subfield>
    <subfield code="l">0</subfield>
    <subfield code="o">HNW-54516</subfield>
    <subfield code="p">HNW-54516</subfield>
    <subfield code="r">2015-11-21 00:00:00</subfield>
    <subfield code="v">70.00</subfield>
    <subfield code="w">2015-11-21</subfield>
    <subfield code="y">BOOK</subfield>
  </datafield>
</record>
